Statistics for Baseball Movies

Click here to take the quiz!

General Stats

  • This quiz has been taken 1,327 times
  • The average score is 12 of 20

Answer Stats

Clue Movie % Correct
"You're killin' me, Smalls"The Sandlot
84%
Farmer plows over his corn to build a baseball fieldField of Dreams
83%
Girls play pro baseball during WWIIA League of Their Own
80%
Middle aged high school science teacher becomes a Major League relief pitcherThe Rookie
79%
2013 film telling the story of Jackie Robinson and his battle with racism42
79%
Oakland A's use statistical analysis to put together an inexpensive winning teamMoneyball
79%
New owner of the Indians wants to lose on purpose so the team is relocatedMajor League
77%
Alcoholic little league coach turns around a team of misfitsThe Bad News Bears
74%
Foster child prays to God to help his favorite team win and He sends winged helpAngels in the Outfield
70%
12 year old throws incredible fastballs for the CubsRookie of the Year
60%
Player with great God-given ability hits a pennant winning home run into the lightsThe Natural
60%
Veteran minor league catcher mentors rookie pitcher for life in the big leaguesBull Durham
59%
Due to a stat error, a retired player only has 2,997 hits and makes a comebackMr. 3000
58%
Dramatization of the 1919 Chicago "Black Sox" scandalEight Men Out
48%
Mickey Mantle and Roger Maris attempt to break Babe Ruth's home run record61*
47%
12 year old becomes owner and manager of the Minnesota TwinsLittle Big League
43%
Romantic comedy set during the 2004 Red Sox World Series winFever Pitch
42%
Retiring pitcher reminisces about his life during his last start and throws a perfect gameFor Love of the Game
36%
Film chronicling the life and career of Lou GehrigPride of the Yankees
30%
Catcher is terminally ill with Hodgkin's disease and pitcher stays by his sideBang the Drum Slowly
19%

Score Distribution

Percentile by Number Answered

Percent of People with Each Score

Your Score History

You have not taken this quiz